[Event "Graz"]
[Site "Graz"]
[Date "1984.??.??"]
[Round "?"]
[White "Nogueiras, Jesus"]
[Black "Tatai, Stefano"]
[Result "1/2-1/2"]
[WhiteElo "2510"]
[BlackElo "2490"]
[PlyCount "34"]
[EventDate "1984.12.??"]
[Source "ChessBase"]

1. d4 Nf6 2. c4 e6 3. g3 d5 4. Bg2 dxc4 5. Qa4+ Bd7 6. Qxc4 Bc6 7. Nf3 Bd5 8. Qd3 Be4 9. Qd1 c5 10. Nc3 Bc6 11. O-O cxd4 12. Nxd4 Bxg2 13. Kxg2 a6 14. Bg5 Nbd7 15. e3 Be7 16. Qf3 Rb8 17. Rad1 Qb6 1/2-1/2